| 000 | 00718nam a22001817a 4500 | ||
|---|---|---|---|
| 005 | 20170531161643.0 | ||
| 020 |
_c945.00 _a9789350719855 |
||
| 035 | _aB-666064 | ||
| 037 |
_aDPL _bVariety |
||
| 082 | _a346.54066 | ||
| 100 | _aKapoor, G.K. | ||
| 245 |
_aCompany law and practice-II / _cby G.K. Kapoor _ba comprehensive text book on companies act 2013 / |
||
| 250 | _a21st ed. | ||
| 260 |
_aNew Delhi _bSultan Chand and Company _c2016 |
||
| 300 |
_aI-11,1117p. _c21cm (pbk) |
||
| 942 |
_2ddc _cEN _h346.54066 _mKAP |
||
| 999 |
_c140641 _d140641 |
||